The memoirs of a survivor / (Registro nro. 30031)

Detalles MARC
000 -LEADER
fixed length control field 00780nam a22001697a 4500
003 - CONTROL NUMBER IDENTIFIER
control field OSt
005 - DATE AND TIME OF LATEST TRANSACTION
control field 20250619102919.0
008 - FIXED-LENGTH DATA ELEMENTS--GENERAL INFORMATION
fixed length control field 230518s1975 |||||||| |||| 00| f eng d
020 ## - INTERNATIONAL STANDARD BOOK NUMBER
International Standard Book Number 0553024949
040 ## - CATALOGING SOURCE
Original cataloging agency CO-JMCR
Language of cataloging spa
Transcribing agency CO-JMCR
041 0# - LANGUAGE CODE
Language code of text/sound track or separate title eng
082 ## - DEWEY DECIMAL CLASSIFICATION NUMBER
Classification number A-N
Item number LESm
100 ## - MAIN ENTRY--PERSONAL NAME
Personal name Lessing, Doris /
Relator term autora
9 (RLIN) 42737
245 14 - TITLE STATEMENT
Title The memoirs of a survivor /
Statement of responsibility, etc. Doris Lessing
520 ## - SUMMARY, ETC.
Summary, etc. This is the bizarre journal of a woman. The time is the Furute. The setting, Modern Society, a nightmare of fouled-up telephones and broken-down buses, of scarce water, polluted air and adolescent gangs scavenging in deserted streets. The woman, guardian of a twelve-year-old child, is making her escape from the world of reality into the world of an imaginary past.
942 ## - ADDED ENTRY ELEMENTS (KOHA)
Source of classification or shelving scheme Dewey Decimal Classification
Koha item type Books
Existencias
Withdrawn status Lost status Source of classification or shelving scheme Damaged status Not for loan Home library Current library Shelving location Date acquired Source of acquisition Total Checkouts Full call number Barcode Date last seen Date last checked out Copy number Price effective from Koha item type
    Dewey Decimal Classification     Biblioteca Pública José María del Castillo y Rada Biblioteca Pública José María del Castillo y Rada New Materials Shelf 05/18/2023 Donación 1 A-N LESm 201811845 09/25/2024 09/24/2024 Ej.1 05/18/2023 Books